| 000 | 00871nas a2200301 4500 | ||
|---|---|---|---|
| 001 | BR0101896 | ||
| 003 | BR-BrBNA | ||
| 005 | 20231205102216.0 | ||
| 007 | ta | ||
| 008 | 230509b bl.|||p| |||| 00| 00por d | ||
| 040 |
_aBR-BrBNA _bpor _cBiblioteca Nacional de Agricultura |
||
| 041 | _a(Pt) | ||
| 072 | _aQ03 | ||
| 100 | 1 | _aKitahara, S.E. | |
| 100 | 1 | _aOkada, I.A. | |
| 100 | 1 | _aSakuma, A.M. | |
| 100 | 1 | _aZenebon, O. | |
| 100 | 1 | _aJesus, R.S. de | |
| 100 | 1 | _aTenuta-Filho, A. | |
| 245 | 1 | _aMercurio total em pescado de agua-doce | |
| 650 | _aPeixe de Agua Doce | ||
| 650 | _aMercurio | ||
| 650 | _aToxicologia de Alimento | ||
| 650 | _aHigiene de Alimento | ||
| 773 | 0 |
_tCiencia e Tecnologia de Alimentos (Brazil) _xISSN 0101-2061 _g(May-Aug 2000), v. 20(2) p. 267-273 _wBR0101896 |
|
| 909 |
_a202311 _bLúcia _c55 _dLúcia Elande |
||
| 942 |
_2AGRIS _n0 _cANA |
||
| 999 |
_c166310 _d166310 |
||